000
00345nam a2200157Ia 4500
003
OSt
005
20240212100633.0
008
170524s9999 xx 000 0 und d
020
_a
0195687175
040
_c
IIMT UNIVERSITY
100
_a
BLOIS KEITH
100
_c
2012
245
0
_a
TEXT BOOK OF MARKETING
260
_a
OXFORD
942
_2
ddc
_c
02
999
_c
2797
_d
2797